| 000 | 02466ncm0a22004331 4500 | ||
|---|---|---|---|
| 001 | RU\NLR\ONIZ\208741 | ||
| 005 | 20250810071813.0 | ||
| 035 | _a(NLR Aleph) 010889611 | ||
| 035 | _aRU\NLR\ONIZ\Таня\5000000549\20150208175524 | ||
| 071 | 2 | 0 | _a770 |
| 090 |
_a10545055 _c10545055 |
||
| 100 | _a20150208d1945 u y0rusy50 ca | ||
| 101 | 0 | _arus | |
| 102 | _aRU | ||
| 125 | _azx | ||
| 128 | _awz | ||
| 145 | 0 | _ac | |
| 200 | 1 |
_aСолдатский вальс _bНоты _e"Давно ты не видел подружку..." _e[для голоса с фп.] _fН. Богословский _gтекст В. Дыховичного |
|
| 210 |
_aМосква _cМузыкальный фонд Союза ССР _d1945 |
||
| 215 |
_a6 с. _d28 см |
||
| 300 | _aСтеклогр. изд. | ||
| 313 | _aСистематизация документа проведена по изданию - Методика классифицирования музыкальных произведений (нотных изданий) по таблицам Библиотечно-библиографических классификаций : метод. рекомендации / Гос. б-ка СССР им. В.И. Ленина.- М., 1977. Индексу ББК методических рекомендаций присваивается код ББК для научных библиотек - LBC/SL | ||
| 606 | 1 |
_aВеликая Отечественная Война 1941-1945 в песнях. _yРоссия _z20-21 вв. _jНоты _2nlr_sh |
|
| 606 | 1 |
_aВеликая Отечественная война (1941-1945). 1945 год _xМузыкальные интерпретации (ноты) _2nlr_sh |
|
| 686 |
_aЩ943.4-42-041.3(2) _vLBC/SL _2rubbk |
||
| 700 | 1 |
_9z04790 _aБогословский _bН. В. _f1913-2004 _gНикита Владимирович _4230 |
|
| 702 | 1 |
_9z02790 _aДыховичный _bВ. А. _f1911-1963 _gВладимир Абрамович _4520 |
|
| 790 | 1 |
_9z02702 _aDy'xovichny'j _bV. A. _f1911-1963 _gVladimir Abramovich _4520 |
|
| 790 | 1 |
_9z04700 _aBogoslovskiy _bN. V. _f1913 - 2004 _gNikita Vladimirovich _4230 |
|
| 801 | 0 |
_aRU _bNLR _c20150208 _gPSBO |
|
| 801 | 1 |
_aRU _bNLR _c20150208 _2rusmarc |
|
| 801 | 2 |
_aRU _bNLR _c20160727 |
|
| 852 |
_aNLR _bМ _j236-3/735 _p63682 _t1 |
||
| 942 | _cSCORE | ||
| 945 | _aРоссийская национальная библиотека | ||
| 980 | _aNB | ||
| 980 | _aBV | ||
| 980 | _aONIZ | ||